Flight Systems and Control : (Record no. 593968)

000 -LEADER
fixed length control field 04107cam a22006255i 4500
001 - CONTROL NUMBER
control field 21676905
005 - DATE AND TIME OF LATEST TRANSACTION
control field 20230321143744.0
006 - FIXED-LENGTH DATA ELEMENTS--ADDITIONAL MATERIAL CHARACTERISTICS
fixed length control field m |o d |
007 - PHYSICAL DESCRIPTION FIXED FIELD--GENERAL INFORMATION
fixed length control field cr |||||||||||
008 - FIXED-LENGTH DATA ELEMENTS--GENERAL INFORMATION
fixed length control field 180413s2018 si |||| o |||| 0|eng
010 ## - LIBRARY OF CONGRESS CONTROL NUMBER
LC control number 2019744813
020 ## - INTERNATIONAL STANDARD BOOK NUMBER
International Standard Book Number 9789811087219
024 7# - OTHER STANDARD IDENTIFIER
Standard number or code 10.1007/978-981-10-8721-9
Source of number or code doi
035 ## - SYSTEM CONTROL NUMBER
System control number (DE-He213)978-981-10-8721-9
040 ## - CATALOGING SOURCE
Original cataloging agency DLC
Language of cataloging eng
Description conventions pn
-- rda
Transcribing agency DLC
072 #7 - SUBJECT CATEGORY CODE
Subject category code TEC002000
Source bisacsh
072 #7 - SUBJECT CATEGORY CODE
Subject category code TRP
Source bicssc
072 #7 - SUBJECT CATEGORY CODE
Subject category code TRP
Source thema
072 #7 - SUBJECT CATEGORY CODE
Subject category code TTDS
Source thema
082 04 - DEWEY DECIMAL CLASSIFICATION NUMBER
Classification number 629.1326
Edition number 23
Author Mark SEN
100 1# - MAIN ENTRY--PERSONAL NAME
Personal name Ng, Tian Seng.
Relator term author.
9 (RLIN) 110926
245 10 - TITLE STATEMENT
Title Flight Systems and Control :
Remainder of title A Practical Approach /
Statement of responsibility, etc. by Tian Seng Ng.
250 ## - EDITION STATEMENT
Edition statement 1st ed. 2018.
264 #1 - PRODUCTION, PUBLICATION, DISTRIBUTION, MANUFACTURE, AND COPYRIGHT NOTICE
Place of production, publication, distribution, manufacture Singapore :
Name of producer, publisher, distributor, manufacturer Springer Singapore :
-- Imprint: Springer,
Date of production, publication, distribution, manufacture, or copyright notice 2018.
300 ## - PHYSICAL DESCRIPTION
Extent 1 online resource (XXV, 241 pages 206 illustrations, 163 illustrations in color.)
336 ## - CONTENT TYPE
Content type term text
Content type code txt
Source rdacontent
337 ## - MEDIA TYPE
Media type term computer
Media type code c
Source rdamedia
338 ## - CARRIER TYPE
Carrier type term online resource
Carrier type code cr
Source rdacarrier
347 ## - DIGITAL FILE CHARACTERISTICS
File type text file
Encoding format PDF
Source rda
490 1# - SERIES STATEMENT
Series statement Springer Aerospace Technology,
International Standard Serial Number 1869-1730
505 0# - FORMATTED CONTENTS NOTE
Formatted contents note Introduction -- Flight Mechanics -- Navigational Modules -- Flight Simulator Systems -- Tandem Rotor Helicopter Control -- Unmanned Aerial Vehicle System -- Rotorcrafts -- Flight Instrumentation Acquisition -- Recent And Future Developments.
520 ## - SUMMARY, ETC.
Summary, etc. This book focuses on flight vehicles and their navigational systems, discussing different forms of flight structures and their control systems, from fixed wings to rotary crafts. Software simulation enables testing of the hardware without actual implementation, and the flight simulators, mechanics, glider development and navigation systems presented here are suitable for lab-based experimentation studies. It explores laboratory testing of flight navigational sensors, such as the magnetic, acceleration and Global Positioning System (GPS) units, and illustrates the six-axis inertial measurement unit (IMU) instrumentation as well as its data acquisition methodology. The book offers an introduction to the various unmanned aerial vehicle (UAV) systems and their accessories, including the linear quadratic regulator (LQR) method for controlling the rotorcraft. It also describes a Matrix Laboratory (MATLAB) control algorithm that simulates and runs the lab-based 3 degrees of freedom (DOF) helicopter, as well as LabVIEW software used to validate controller design and data acquisition. Lastly, the book explores future developments in aviation techniques.
588 ## - SOURCE OF DESCRIPTION NOTE
Source of description note Description based on publisher-supplied MARC data.
650 #0 - SUBJECT ADDED ENTRY--TOPICAL TERM
Topical term or geographic name entry element Aerospace engineering.
9 (RLIN) 2467
650 #0 - SUBJECT ADDED ENTRY--TOPICAL TERM
Topical term or geographic name entry element Astronautics.
9 (RLIN) 83801
650 #0 - SUBJECT ADDED ENTRY--TOPICAL TERM
Topical term or geographic name entry element Computational intelligence.
650 #0 - SUBJECT ADDED ENTRY--TOPICAL TERM
Topical term or geographic name entry element Control engineering.
9 (RLIN) 34982
650 #0 - SUBJECT ADDED ENTRY--TOPICAL TERM
Topical term or geographic name entry element Electronic circuits.
650 #0 - SUBJECT ADDED ENTRY--TOPICAL TERM
Topical term or geographic name entry element Electronics.
650 #0 - SUBJECT ADDED ENTRY--TOPICAL TERM
Topical term or geographic name entry element Microelectronics.
650 #0 - SUBJECT ADDED ENTRY--TOPICAL TERM
Topical term or geographic name entry element Microprogramming.
9 (RLIN) 93883
650 14 - SUBJECT ADDED ENTRY--TOPICAL TERM
Topical term or geographic name entry element Aerospace Technology and Astronautics.
Authority record control number or standard number https://scigraph.springernature.com/ontologies/product-market-codes/T17050
9 (RLIN) 83803
650 24 - SUBJECT ADDED ENTRY--TOPICAL TERM
Topical term or geographic name entry element Circuits and Systems.
Authority record control number or standard number https://scigraph.springernature.com/ontologies/product-market-codes/T24068
650 24 - SUBJECT ADDED ENTRY--TOPICAL TERM
Topical term or geographic name entry element Computational Intelligence.
Authority record control number or standard number https://scigraph.springernature.com/ontologies/product-market-codes/T11014
650 24 - SUBJECT ADDED ENTRY--TOPICAL TERM
Topical term or geographic name entry element Control and Systems Theory.
Authority record control number or standard number https://scigraph.springernature.com/ontologies/product-market-codes/T19010
9 (RLIN) 34987
650 24 - SUBJECT ADDED ENTRY--TOPICAL TERM
Topical term or geographic name entry element Control Structures and Microprogramming.
Authority record control number or standard number https://scigraph.springernature.com/ontologies/product-market-codes/I12018
9 (RLIN) 110927
650 24 - SUBJECT ADDED ENTRY--TOPICAL TERM
Topical term or geographic name entry element Electronics and Microelectronics, Instrumentation.
Authority record control number or standard number https://scigraph.springernature.com/ontologies/product-market-codes/T24027
9 (RLIN) 83475
776 08 - ADDITIONAL PHYSICAL FORM ENTRY
Relationship information Print version:
Title Flight systems and control.
International Standard Book Number 9789811087202
Record control number (DLC) 2018935953
776 08 - ADDITIONAL PHYSICAL FORM ENTRY
Relationship information Printed edition:
International Standard Book Number 9789811087202
776 08 - ADDITIONAL PHYSICAL FORM ENTRY
Relationship information Printed edition:
International Standard Book Number 9789811087226
776 08 - ADDITIONAL PHYSICAL FORM ENTRY
Relationship information Printed edition:
International Standard Book Number 9789811342233
830 #0 - SERIES ADDED ENTRY--UNIFORM TITLE
Uniform title Springer Aerospace Technology,
International Standard Serial Number 1869-1730
9 (RLIN) 110928
906 ## - LOCAL DATA ELEMENT F, LDF (RLIN)
a 0
b ibc
c origres
d u
e ncip
f 20
g y-gencatlg
942 ## - ADDED ENTRY ELEMENTS (KOHA)
Source of classification or shelving scheme
Koha item type Book
Holdings
Withdrawn status Lost status Source of classification or shelving scheme Damaged status Not for loan Permanent Location Current Location Shelving location Date acquired Full call number Barcode Date last seen Price effective from Koha item type
          School of Mechanical & Manufacturing Engineering (SMME) School of Mechanical & Manufacturing Engineering (SMME) Aerospace Engineering 03/21/2023 629.1326 SEN SMME-4179 03/21/2023 03/21/2023 Book
© 2023 Central Library, National University of Sciences and Technology. All Rights Reserved.